000 00723nam a2200229 i 4500
001 133615
003 ES-MaACL
005 20230906194454.0
007 t|
008 070822s1999 fr ||||1| fre d
020 _a2-84111-112-1
080 _a529
100 1 _aDuncan, David Ewing.
_946028
245 1 3 _aLe temps conté
_b: la grand aventure de la mesure du temps /
_cDavid Ewing Duncan ; traduit de l'anglais par Hugues de Giorgis.
260 _aParis :
_bNil,
_c[1998]
300 _a344 p. ;
_c23 cm.
500 _aBiblioteca Jacinto Martínez Lacalle.
500 _aIndice.
650 1 4 _aCronología.
_911457
700 1 _aGiorgis, Hugues de.
_957171
852 _aES-MaACL
_jE-11998
_bR.E-11998
_d. - 139613
999 _c133615
_d133615